Schwarzpläne Städte im DACH-Raum - ansteigende Schwierigkeit - Statistiken

Allgemein
  • Dieses Quiz wurde 52 mal gespielt
    30 seit der letzten Aktualisierung
  • Das Durchschnittsergebnis liegt bei 13 aus 70
Antwortstatistiken
Bildquiz Antwort % Korrekt
Berlin
83%
Karlsruhe
74%
Mannheim
57%
Köln
52%
Hamburg
48%
München
48%
Wien
43%
Bremen
35%
Frankfurt am Main
35%
Lübeck
35%
Bern
30%
Heidelberg
26%
Koblenz
26%
Stuttgart
26%
Leipzig
22%
Nürnberg
22%
Passau
22%
Wolfsburg
22%
Zürich
22%
Freudenstadt
17%
Genf
17%
Helgoland
17%
Mainz
17%
St. Gallen
17%
Basel
13%
Bochum
13%
Dortmund
13%
Dresden
13%
Erfurt
13%
Frankfurt an der Oder
13%
Freiburg
13%
Halle Saale
13%
Jena
13%
Kaiserslautern
13%
Kassel
13%
Konstanz
13%
Ludwigsburg
13%
Luzern
13%
Münster
13%
Neubrandenburg
13%
Nürtingen
13%
Rapperswil
13%
Rostock
13%
Salzburg
13%
Schwerin
13%
Speyer
13%
Weimar
13%
Augsburg
9%
Bonn
9%
Cottbus
9%
Detmold
9%
Flensburg
9%
Graz
9%
Greifswald
9%
Hannover
9%
Heide
9%
Herne
9%
Innsbruck
9%
Klagenfurt
9%
Köpenick
9%
Lausanne
9%
Oldenburg
9%
Osnabrück
9%
Rottweil
9%
Sindelfingen
9%
Tübingen
9%
Ulm
9%
Villingen
9%
Wilhelmshaven
9%
Wismar
9%
Keine übereinstimmenden Quizze gefunden
Verteilung der Resultate
Anzahl Personen mit jedem Resultat
Perzentil nach korrekt beantworteten Fragen
Ihre Resultats-Entwicklung
Sie haben dieses Quiz seit der letzten Aktualisierung nicht gespielt